| 000 | 00558nam a2200205Ia 4500 | ||
|---|---|---|---|
| 003 | GCL | ||
| 008 | 140319s9999 xx 000 0 ara d | ||
| 040 |
_aGCL / _cGCL |
||
| 082 | 0 | 4 |
_a910.03 _bت ا |
| 100 | 1 | _aتيسير شيخ الارض | |
| 245 | 1 | 0 |
_aارادة الحضارة / _cتيسير شيخ الارض |
| 260 |
_aسوريا : _bدار الفاضل ، _c1991 |
||
| 300 |
_a241 ص ؛ _c28 سم |
||
| 490 | _a | ||
| 650 | 0 | 4 | _aالمجتمع |
| 650 | 0 | 4 | _aفلسفة |
| 650 | 0 | 4 | _aالحضارة |
| 650 | 0 | 4 | _aنظريات |
| 942 |
_2ddc _cBK |
||
| 999 |
_c44195 _d44195 |
||